Largest Cities in Canada (Top 100) - Statistics

General Stats
  • This quiz has been taken 98 times
  • The average score is 38 of 100
Answer Stats
Population Province City % Correct
5,928,000 Ontario Toronto
99%
800,000 Québec Québec City
97%
4,099,000 Québec Montréal
96%
2,463,000 Br. Columbia Vancouver
96%
1,393,000 Alberta Calgary
90%
1,321,000 Alberta Edmonton
90%
1,324,000 Ont. / Qué. Ottawa
90%
778,000 Manitoba Winnipeg
87%
403,000 Nova Scotia Halifax
86%
236,000 Saskat. Regina
86%
126,000 New Br. Saint John
85%
368,000 Br. Columbia Victoria
82%
236,000 Saskat. Saskatoon
80%
748,000 Ontario Hamilton
79%
494,000 Ontario London
76%
122,000 Ontario Thunder Bay
68%
406,000 Ontario Niagara
66%
329,000 Ontario Windsor
66%
69,000 PEI Charlottetown
63%
524,000 Ontario Kitchener
62%
145,000 New Br. Moncton
61%
195,000 Br. Columbia Kelowna
59%
161,000 Ontario Kingston
59%
206,000 Newfoundl. Saint John's
59%
165,000 Ontario Gr. Sudbury
58%
117,000 Alberta Lethbridge
55%
87,000 Br. Columbia Prince George
54%
102,000 New Br. Fredericton
52%
197,000 Ontario Barrie
51%
380,000 Ontario Oshawa
51%
100,000 Alberta Red Deer
51%
212,000 Québec Sherbrooke
51%
104,000 Br. Columbia Kamloops
49%
181,000 Br. Columbia Abbotsford
48%
77,000 Alberta Medicine Hat
48%
156,000 Québec Trois
48%
28,000 Yukon Whitehorse
48%
99,000 Nova Scotia Cape Breton
45%
152,000 Ontario Guelph
44%
105,000 Br. Columbia Nanaimo
44%
58,000 Manitoba Brandon
42%
78,000 Ontario Sault Ste. Marie
42%
73,000 Alberta Wood Buffalo
41%
96,000 Ontario Sarnia
39%
44,000 Saskat. Prince Albert
38%
102,000 Ontario Chatham
37%
70,000 Ontario North Bay
35%
122,000 Ontario Peterborough
35%
35,000 Saskat. Moose Jaw
32%
161,000 Québec Saguenay
32%
46,000 Nova Scotia Truro
32%
60,000 Ontario Cornwall
31%
134,000 Ontario Brantford
30%
102,000 Br. Columbia Chilliwack
30%
103,000 Ontario Belleville
28%
32,000 Newfoundl. Corner Brook
28%
42,000 Ontario Timmins
28%
96,000 Québec Drummondville
25%
63,000 Alberta Grande Prairie
25%
54,000 Québec Shawinigan
25%
85,000 Québec Granby
24%
75,000 Ontario Kawartha Lakes
24%
31,000 Ontario Stratford
24%
31,000 Ontario Orillia
23%
35,000 Alb. / Sask. Lloydminster
21%
43,000 Br. Columbia Penticton
21%
60,000 Québec Saint-Hyacinthe
21%
49,000 Québec Victoriaville
21%
39,000 Ontario Brockville
20%
32,000 Ontario Owen Sound
18%
34,000 Québec Val-d'Or
18%
42,000 Québec Rouyn-Noranda
17%
61,000 Br. Columbia Vernon
17%
36,000 Ontario Midland
15%
64,000 Ontario Norfolk
15%
49,000 Québec Joliette
14%
55,000 Québec Rimouski
14%
31,000 New Br. Bathurst
13%
28,000 Br. Columbia Fort St. John
13%
28,000 New Br. Miramichi
13%
44,000 Br. Columbia Duncan
10%
29,000 Alberta Okotoks
10%
28,000 Québec Thetford Mines
10%
28,000 Québec Baie-Comeau
8%
49,000 Québec Leamington
8%
29,000 Québec Sept-Îles
8%
30,000 Manitoba Winkler
8%
41,000 Ontario Woodstock
8%
38,000 Br. Columbia Campbell River
7%
34,000 Nova Scotia New Glasgow
7%
42,000 Québec Sorel-Tracy
7%
33,000 Québec Saint-Georges
6%
33,000 Québec Alma
4%
54,000 Br. Columbia Courtenay
4%
26,000 Nova Scotia Kentville
4%
29,000 Québec Rivière-du-Loup
3%
41,000 Québec Salaberry-de-V.
3%
28,000 Ontario Centre Wellingt.
1%
31,000 Ontario Carleton Place
0%
29,000 Br. Columbia Parksville
0%
No matching quizzes found
Score Distribution
Percent of People with Each Score
Percentile by Number Answered
Your Score History
You have not taken this quiz